000 00622nam a2200229Ia 4500
003 OSt
005 20221005121547.0
006 a|||||r|||| 00| 0
007 ta
008 221004b |||||||| |||| 00| 0 eng d
024 _a65366
037 _cTextual
040 _aCRL
_cCRL
_beng
041 _2eng
_aeng
082 _aV49:1:G3, K4
100 _aSankrityayana Rahul
_9630780
245 0 _aHistory of Central Asia
_b Bronze age (2000 B C ) to Chengiz Khan (1227 A D).
260 _c1964
650 _aHISTORY
942 _hV49:1:G3, K4
_cTEXL
_2cc
999 _c1041548
_d1041548